[Event "3rd Mayor's Cup"]
[Site "Mumbai IND"]
[Date "2010.06.03"]
[Round "2"]
[White "Iuldachev,S"]
[Black "Tejas,R"]
[Result "1-0"]
[WhiteElo "2511"]
[BlackElo "2165"]
[EventDate "2010.06.02"]

1. e4 e6 2. d4 d5 3. e5 c5 4. c3 Nc6 5. Nf3 Qb6 6. a3 Nh6 7. b4 cxd4 8.
cxd4 Nf5 9. Be3 Bd7 10. Bd3 Nxe3 11. fxe3 Be7 12. O-O Rc8 13. Nbd2 a6 14.
Nb3 Nd8 15. Nc5 Bb5 16. Rb1 Bxd3 17. Qxd3 Qb5 18. Qd2 O-O 19. a4 Qe8 20. a5
Qb5 21. Rfc1 f6 22. exf6 Bxf6 23. Qf2 Re8 24. Qf1 Re7 25. Qxb5 axb5 26. Nd3
Rec7 27. Rc5 Be7 28. Rxb5 Rc3 29. Nc5 Bxc5 30. Rxc5 R8xc5 31. dxc5 Nc6 32.
Nd4 Ne5 33. Nxe6 Rxe3 34. b5 Nc4 35. a6 bxa6 36. b6 Na5 37. Nd8 1-0

[Event "3rd Mayor's Cup"]
[Site "Mumbai IND"]
[Date "2010.06.03"]
[Round "2"]
[White "Pranav,S"]
[Black "Kasparov,S"]
[Result "0-1"]
[WhiteElo "2171"]
[BlackElo "2504"]
[EventDate "2010.06.02"]

1. e4 c6 2. c4 d5 3. exd5 cxd5 4. cxd5 Nf6 5. Bb5+ Nbd7 6. Nc3 a6 7. Bxd7+
Qxd7 8. Nf3 Nxd5 9. O-O e6 10. Ne5 Nxc3 11. bxc3 Qc7 12. d4 Bd6 13. Ba3
Bxa3 14. Qa4+ b5 15. Qxa3 Bb7 16. c4 f6 17. Nd3 bxc4 18. Nc5 Bd5 19. Qa4+
Kf7 20. Rab1 Rhe8 21. Rfc1 Re7 22. Qc2 h6 23. Na4 Qf4 24. Qc3 Rd8 25. Nc5
Rd6 26. a4 Rc6 27. Rd1 e5 28. Rb7 exd4 29. Rxe7+ Kxe7 30. Rxd4 Qe5 31. f4
Qf5 32. Qb4 Kf7 33. Nb7 Kg6 34. Nd6 Rxd6 35. Qxd6 Qb1+ 36. Kf2 Qb2+ 37. Ke1
Qxd4 0-1

[Event "3rd Mayor's Cup"]
[Site "Mumbai IND"]
[Date "2010.06.03"]
[Round "2"]
[White "Thipsay,B"]
[Black "Vokarev,S"]
[Result "0-1"]
[WhiteElo "2167"]
[BlackElo "2501"]
[EventDate "2010.06.02"]

1. e4 c5 2. Nf3 Nc6 3. d4 cxd4 4. Nxd4 g6 5. Be2 Bg7 6. Nb3 Nf6 7. Nc3 d6
8. O-O O-O 9. Re1 a6 10. Bf1 b5 11. Bg5 h6 12. Bh4 Re8 13. a4 b4 14. Nd5
Nxd5 15. exd5 Ne5 16. f3 Bb7 17. Re4 a5 18. Bb5 Nd7 19. Rb1 g5 20. Bf2 Rf8
21. Qe2 Ne5 22. Rd4 Qc7 23. Rd2 Rfc8 24. h4 Bf6 25. hxg5 hxg5 26. Bd4 Kg7
27. Qe3 Qb8 28. c4 bxc3 29. Bxc3 Ba6 30. Nd4 Bxb5 31. Nxb5 Rh8 32. Bxe5
Bxe5 33. Qxg5+ Kf8 34. Qe3 Rh4 35. b3 Qc8 36. g4 Rb8 37. Rg2 Qb7 38. Rd1
Rc8 39. f4 Bg7 40. Kf2 Rc2+ 41. Rd2 Rh3 42. Qxh3 Rxd2+ 43. Ke1 Rxd5 44. Rc2
Rc5 45. Qg2 Qxg2 46. Rxg2 Rc1+ 47. Kd2 Rf1 48. f5 Rb1 49. Rg3 Be5 50. Rf3
Rb2+ 51. Kd1 Rg2 52. Na3 d5 53. Rd3 e6 54. fxe6 fxe6 55. Re3 Bd6 56. Nc2
Ke7 57. Nd4 e5 58. Nc6+ Ke6 59. Nxa5 e4 60. Nb7 Bb4 61. Re2 Rxg4 62. Rh2 d4
63. a5 0-1

[Event "3rd Mayor's Cup"]
[Site "Mumbai IND"]
[Date "2010.06.03"]
[Round "3"]
[White "Aleksandrov,A"]
[Black "Sangma,R"]
[Result "1-0"]
[WhiteElo "2604"]
[BlackElo "2358"]
[EventDate "2010.06.02"]

1. d4 Nf6 2. c4 e6 3. Nc3 c5 4. d5 exd5 5. cxd5 g6 6. Bf4 d6 7. Nf3 Bg7 8.
e3 O-O 9. Be2 Na6 10. h3 Nc7 11. O-O Re8 12. a4 a6 13. Qb3 Rb8 14. a5 Bf5
15. Nd2 Bf8 16. Rfd1 h6 17. Nc4 g5 18. Bh2 h5 19. Bd3 Bxd3 20. Rxd3 g4 21.
Qd1 Qd7 22. hxg4 hxg4 23. Ra4 Nb5 24. Ne2 Qf5 25. Nb6 Ne4 26. Bf4 Bg7 27.
Ng3 Nxg3 28. Bxg3 Re4 29. Rxe4 Qxe4 30. Rd2 Qb4 31. Rc2 Bxb2 32. Rc4 Qxa5
33. Rxg4+ Bg7 34. Rxg7+ Kxg7 35. Qg4+ Kh8 36. Qh5+ Kg7 37. Qg5+ Kh8 38.
Qf6+ Kg8 39. Nd7 Qd8 40. Qf5 Ra8 41. Qg4+ Kh7 42. Bh4 f6 43. Nxf6+ 1-0

[Event "3rd Mayor's Cup"]
[Site "Mumbai IND"]
[Date "2010.06.03"]
[Round "3"]
[White "Tirto"]
[Black "Maletin,P"]
[Result "0-1"]
[WhiteElo "2358"]
[BlackElo "2584"]
[EventDate "2010.06.02"]

1. Nf3 c5 2. e4 Nc6 3. d4 cxd4 4. Nxd4 e6 5. Nb5 d6 6. Bf4 e5 7. Be3 Nf6 8.
Bg5 a6 9. N5c3 Be7 10. Bc4 O-O 11. Bxf6 Bxf6 12. O-O Bg5 13. Qd3 Kh8 14.
Rd1 Bg4 15. f3 Qb6+ 16. Kh1 Qxb2 17. Bb3 Qxa1 18. fxg4 Rac8 19. h4 Bxh4 20.
Qh3 Nd4 21. Na4 Bg5 22. c4 b5 23. Nd2 Qxd1+ 24. Bxd1 Bxd2 25. Qd3 bxa4 26.
Qxd2 Rxc4 27. Kh2 Ne6 28. Bf3 Rd4 29. Qa5 Nc5 30. Qe1 h6 31. Kg3 g6 32. Qb1
Kg7 33. Kh3 Re8 34. Kh2 Re6 35. Qc2 Rf6 36. Qb1 Rf4 37. Qb6 Nxe4 38. Qxa6
Nf6 39. Kg3 Nxg4 40. Bc6 h5 41. a3 h4+ 42. Kxh4 Nf2+ 43. Kg3 Nh1+ 44. Kh2
Rh4+ 0-1

[Event "3rd Mayor's Cup"]
[Site "Mumbai IND"]
[Date "2010.06.03"]
[Round "3"]
[White "Fier,A"]
[Black "Shiven,K"]
[Result "1-0"]
[WhiteElo "2581"]
[BlackElo "2337"]
[EventDate "2010.06.02"]

1. e4 c5 2. Nf3 d6 3. d4 cxd4 4. Nxd4 Nf6 5. Nc3 Nc6 6. Bg5 e6 7. Qd2 Qb6
8. Nb3 Be7 9. O-O-O O-O 10. f3 a6 11. h4 Qc7 12. Be3 b5 13. g4 Bb7 14. g5
Nd7 15. h5 Nce5 16. Nd4 b4 17. Nb1 Rfc8 18. g6 Nxf3 19. gxf7+ Kh8 20. Nxf3
Bxe4 21. Nd4 e5 22. h6 exd4 23. hxg7+ Kxg7 24. Bxd4+ Kxf7 25. Bd3 Bg5 26.
Rdf1+ Ke6 27. Qxg5 Bxd3 28. Rh6+ Bg6 29. Qf5+ Ke7 30. Rxh7+ Bxh7 31. Qxh7+
Ke8 32. Qg8+ Ke7 33. Rf7+ Ke6 34. Rf8+ 1-0

[Event "3rd Mayor's Cup"]
[Site "Mumbai IND"]
[Date "2010.06.03"]
[Round "3"]
[White "Ankit,R"]
[Black "Greenfeld,A"]
[Result "1/2-1/2"]
[WhiteElo "2350"]
[BlackElo "2561"]
[EventDate "2010.06.02"]

1. e4 e5 2. Nf3 Nc6 3. Bb5 Nf6 4. O-O Bc5 5. Bxc6 dxc6 6. Nxe5 Nxe4 7. Qe2
Qd5 8. Nd3 O-O 9. Nxc5 Nxc5 10. Nc3 Qf5 11. d3 Bd7 12. Be3 Rfe8 1/2-1/2

[Event "3rd Mayor's Cup"]
[Site "Mumbai IND"]
[Date "2010.06.03"]
[Round "3"]
[White "Hera,I"]
[Black "Stany,G"]
[Result "1-0"]
[WhiteElo "2558"]
[BlackElo "2330"]
[EventDate "2010.06.02"]

1. c4 e6 2. Nf3 Nf6 3. g3 b6 4. Bg2 Bb7 5. O-O c5 6. Nc3 a6 7. Re1 Qc7 8.
e4 d6 9. d4 cxd4 10. Nxd4 Be7 11. Be3 O-O 12. Rc1 Nbd7 13. f4 Rac8 14. g4
Nc5 15. Bf2 e5 16. Nf5 g6 17. Nxe7+ Qxe7 18. Bh4 exf4 19. Qd4 Ncd7 20. e5
Nxe5 21. Qxf4 Bxg2 22. Bxf6 Nd3 23. Bxe7 Nxf4 24. Bxd6 Rxc4 25. Bxf4 Rxf4
26. Kxg2 Rxg4+ 27. Kf3 Rb4 28. b3 Kg7 29. Re4 Rxe4 30. Nxe4 f5 31. Ng5 Kh6
32. Kf4 Kh5 33. Rc3 1-0

[Event "3rd Mayor's Cup"]
[Site "Mumbai IND"]
[Date "2010.06.03"]
[Round "3"]
[White "Abhishek,D"]
[Black "Sundararajan,K"]
[Result "1/2-1/2"]
[WhiteElo "2331"]
[BlackElo "2520"]
[EventDate "2010.06.02"]

1. e4 c5 2. Nf3 e6 3. d4 cxd4 4. Nxd4 Nf6 5. Nc3 d6 6. Be2 Be7 7. O-O Nc6
8. Be3 Bd7 9. Nb3 a6 10. a4 Na5 11. f4 Nxb3 12. cxb3 Bc6 13. Bf3 O-O 14.
Qd3 Qa5 15. Qd4 e5 16. Qd2 exf4 17. Nd5 Qd8 18. Bb6 Qd7 19. Qxf4 Bxd5 20.
exd5 Rac8 21. Kh1 g6 22. Rae1 Ne8 23. g4 Ng7 24. Bd4 Qd8 25. Be4 Bg5 26.
Qf3 Ne8 27. Bd3 Ng7 28. b4 Bd2 29. Re2 Bg5 30. Bc3 Rc7 31. Qf2 Re7 32. Qd4
f6 33. Rxe7 Qxe7 34. Re1 Qf7 35. b5 axb5 36. Bxb5 Ne8 37. b4 Nc7 38. Bc4
Re8 39. Rxe8+ Nxe8 40. Kg2 Qe7 41. Kf3 Ng7 42. a5 h5 43. h3 hxg4+ 44. hxg4
Kf7 45. b5 Ne8 46. Qe4 Qc7 47. Bb4 Ng7 48. Qd4 f5 49. Bc3 fxg4+ 50. Qxg4
Bf6 51. Bxf6 Kxf6 52. Bd3 Nf5 53. Bxf5 Qc3+ 54. Kg2 Qd2+ 55. Kh3 gxf5 56.
Qh4+ Ke5 57. Qe7+ Kd4 58. Qg7+ Kc5 59. Qxb7 Qe3+ 60. Kh4 Qh6+ 61. Kg3 Qe3+
62. Kh4 Qh6+ 1/2-1/2

[Event "3rd Mayor's Cup"]
[Site "Mumbai IND"]
[Date "2010.06.03"]
[Round "3"]
[White "Sauravh,K"]
[Black "Iuldachev,S"]
[Result "1/2-1/2"]
[WhiteElo "2316"]
[BlackElo "2511"]
[EventDate "2010.06.02"]

1. d4 Nf6 2. c4 d6 3. Nf3 Nbd7 4. Nc3 e5 5. g3 c6 6. Bg2 e4 7. Ng5 d5 8.
cxd5 cxd5 9. f3 exf3 10. exf3 Be7 11. O-O O-O 12. Nh3 Nb6 13. Nf2 Nc4 14.
b3 Nd6 15. Bf4 Be6 16. Qd2 Nf5 17. g4 Nh4 18. Bg3 Nxg2 19. Kxg2 Rc8 20. a3
Qb6 21. b4 Rc4 22. Rfd1 Qc6 23. Rdc1 Rc8 24. Nfd1 h5 25. h3 Nh7 26. Be1
hxg4 27. hxg4 Bg5 28. Ne3 Rxc3 29. Rxc3 Qxc3 30. Qxc3 Rxc3 31. Bxc3 Bxe3
32. Re1 Bf4 33. b5 Nf8 34. a4 Bd7 35. Rb1 Ne6 36. Kf2 Kf8 37. Bb4+ Ke8 38.
Rh1 Bh6 39. Bd6 f6 40. Rh5 Ng5 41. Bb8 a6 42. bxa6 bxa6 43. a5 Bb5 44. Kg3
Bc4 45. f4 Ne4+ 46. Kf3 Kd7 47. Ba7 Ke6 48. Rh1 Kd7 49. Ke3 Bb5 50. Bb6 Ng3
51. Rh3 Ne2 52. Rf3 g5 53. f5 Bg7 54. Rf2 Ng3 55. Rc2 Bf8 56. Rc7+ Ke8 57.
Rc8+ Kf7 58. Rc7+ Ke8 59. Rc8+ Kf7 60. Rc7+ Ke8 1/2-1/2

[Event "3rd Mayor's Cup"]
[Site "Mumbai IND"]
[Date "2010.06.03"]
[Round "3"]
[White "Kasparov,S"]
[Black "Udeshi,A"]
[Result "1/2-1/2"]
[WhiteElo "2504"]
[BlackElo "2316"]
[EventDate "2010.06.02"]

1. e4 c5 2. Nf3 d6 3. d4 cxd4 4. Nxd4 Nf6 5. f3 e5 6. Nb3 Be6 7. c4 a5 8.
Be3 a4 9. N3d2 Qa5 10. Nc3 Be7 11. Be2 O-O 12. O-O Rc8 13. Rc1 Nbd7 14. Nb5
Ne8 15. Nb1 Bd8 16. Kh1 Rc6 17. N1a3 h6 18. Bd2 Qb6 19. b4 axb3 20. axb3
Bg5 21. Ra1 Bxd2 22. Qxd2 Nc5 23. Qb2 Qd8 24. Rfd1 Qe7 25. Rac1 Rca6 26.
Nc2 Ra2 27. Qb1 h5 28. b4 Nd7 29. Nc3 R2a7 30. Ne3 h4 31. Qd3 Ndf6 32. Qd2
Nh5 33. Ned5 Bxd5 34. Nxd5 Qd8 35. Qe3 Ra3 36. Rd3 Rxd3 37. Bxd3 Ra3 38.
Rd1 Nef6 39. Qc1 Ra2 40. Qg5 h3 41. gxh3 Qf8 42. Nxf6+ Nxf6 43. Rg1 Nh7 44.
Qe3 Nf6 45. Qg5 Nh7 46. Qe3 Nf6 1/2-1/2

[Event "3rd Mayor's Cup"]
[Site "Mumbai IND"]
[Date "2010.06.03"]
[Round "3"]
[White "Prasanna,Ra"]
[Black "Vidit,S"]
[Result "1-0"]
[WhiteElo "2309"]
[BlackElo "2504"]
[EventDate "2010.06.02"]

1. e4 c5 2. Nf3 d6 3. d4 cxd4 4. Nxd4 Nf6 5. Nc3 Nc6 6. Bg5 e6 7. Bb5 Bd7
8. Bxc6 bxc6 9. Qf3 e5 10. Nb3 Be7 11. Qd3 Qb6 12. Bxf6 gxf6 13. O-O a5 14.
Nd2 Be6 15. Nc4 Qb4 16. b3 a4 17. Ne3 axb3 18. axb3 Kd7 19. Rad1 Kc7 20. f4
Ra5 21. Kh1 Rd8 22. Qd2 Kb8 23. f5 Bc8 24. Nc4 Ra7 25. Ra1 Rxa1 26. Rxa1
Bb7 27. Ra4 Qc5 28. Na5 d5 29. Nxb7 Kxb7 30. exd5 cxd5 31. Qd3 Qc6 32. Ra5
Bc5 33. Na4 Ba7 34. Qd2 Rd6 35. Qb4+ Ka8 36. Nc3 Rd7 37. Nb5 Qb6 38. Qf8+
Qb8 39. Qc5 Rb7 40. Qc6 d4 41. Rxa7+ Qxa7 42. Nxa7 Kxa7 43. Qxf6 1-0

[Event "3rd Mayor's Cup"]
[Site "Mumbai IND"]
[Date "2010.06.03"]
[Round "3"]
[White "Vokarev,S"]
[Black "Deshmukh,A"]
[Result "1-0"]
[WhiteElo "2501"]
[BlackElo "2301"]
[EventDate "2010.06.02"]

1. e4 c5 2. Nf3 d6 3. d4 cxd4 4. Nxd4 Nf6 5. Nc3 a6 6. Be2 e5 7. Nb3 Be7 8.
O-O O-O 9. Be3 Be6 10. Qd2 Nbd7 11. a4 Rc8 12. a5 h6 13. Rfd1 Qc7 14. Qe1
Qb8 15. h3 Rfe8 16. Bf3 Nh7 17. Nd2 Rc6 18. Nf1 Qc8 19. Bd2 Bg5 20. Ne3
Bxe3 21. Bxe3 Ndf6 22. Qd2 Kh8 23. Rac1 Rg8 24. Nd5 Bxd5 25. exd5 Rc7 26.
Bb6 Rc4 27. Be2 Rh4 28. Bf1 Ng5 29. Qd3 Nh5 30. Be3 Nf4 31. Bxf4 Rxf4 32.
c4 Qc5 33. Qd2 Ne4 34. b4 Qc8 35. Qe3 Nxf2 36. Re1 Qf5 37. c5 g5 38. g4 Qd7
39. c6 bxc6 40. dxc6 Qc8 41. c7 h5 42. Qb6 Nxh3+ 43. Bxh3 Rxg4+ 44. Bxg4
Qxg4+ 45. Kf1 Qh3+ 46. Ke2 Rc8 47. Qe3 Qg2+ 48. Qf2 Qe4+ 49. Qe3 Qg2+ 50.
Kd3 Qg4 51. Qe4 Qh3+ 52. Ke2 Qh2+ 53. Kd1 Qh3 54. Rc2 Kg7 55. Kc1 Qa3+ 56.
Kb1 f5 57. Qc4 Kf6 58. Rd1 Ke7 59. Rxd6 Kxd6 60. Rd2+ Ke7 61. Qc5+ Kf7 62.
Rd7+ 1-0

[Event "3rd Mayor's Cup"]
[Site "Mumbai IND"]
[Date "2010.06.03"]
[Round "3"]
[White "Dzhumaev,M"]
[Black "Navin,K"]
[Result "1/2-1/2"]
[WhiteElo "2495"]
[BlackElo "2295"]
[EventDate "2010.06.02"]

1. e4 e5 2. Nf3 Nc6 3. Bb5 a6 4. Ba4 Nf6 5. O-O Be7 6. Re1 b5 7. Bb3 O-O 8.
a4 Bb7 9. d3 d5 10. exd5 Nxd5 11. Nc3 Nxc3 12. bxc3 Bf6 13. Nd2 Na5 14. Ba2
Bd5 15. Ba3 Re8 16. Bxd5 Qxd5 17. Ne4 Qe6 18. Qf3 Be7 19. Bxe7 Qxe7 20.
axb5 axb5 21. Ng3 c6 22. h3 Qc7 23. Nh5 f6 24. Re4 Kh8 25. Rg4 Rg8 26. Qe4
Qf7 27. Qf5 Qe7 28. Rh4 g5 29. Re4 Rgf8 30. h4 Qf7 31. Qf3 f5 32. Rxe5 g4
33. Qf4 Qxh5 34. g3 Qf7 35. c4 Qf6 36. Rae1 bxc4 37. Re6 Qg7 38. d4 Ra7 39.
h5 Qc7 40. R1e5 Qb8 41. h6 c3 42. Qg5 Raf7 43. Rxa5 f4 44. gxf4 Qxf4 45.
Qxf4 Rxf4 46. Ra7 Rxf2 47. Ree7 Rf1+ 48. Kg2 R1f2+ 49. Kg3 R2f3+ 50. Kg2
Rf2+ 51. Kg1 Rf1+ 52. Kh2 R1f2+ 53. Kg3 R2f3+ 54. Kg2 Rf2+ 1/2-1/2

[Event "3rd Mayor's Cup"]
[Site "Mumbai IND"]
[Date "2010.06.03"]
[Round "3"]
[White "Mehar,C"]
[Black "Czebe,A"]
[Result "1-0"]
[WhiteElo "2295"]
[BlackElo "2480"]
[EventDate "2010.06.02"]

1. e4 e5 2. Nf3 Nc6 3. Bb5 a6 4. Ba4 Nge7 5. d4 exd4 6. Nxd4 g6 7. Nxc6
dxc6 8. Qf3 Bg7 9. Nc3 Be6 10. Bg5 Qd4 11. Rd1 Qe5 12. Bf4 Qa5 13. Bb3 O-O
14. O-O Bxb3 15. axb3 Nc8 16. Ra1 Qb6 17. Rfd1 Qa7 18. Bxc7 b5 19. Bg3 Nb6
20. e5 b4 21. Ne4 Nd5 22. c4 bxc3 23. bxc3 Rad8 24. c4 Ne7 25. Nd6 c5 26.
Re1 Qb6 27. Bh4 Rd7 28. Bf6 Bxf6 29. Qxf6 Qc6 30. Rad1 Qc7 31. e6 1-0

[Event "3rd Mayor's Cup"]
[Site "Mumbai IND"]
[Date "2010.06.03"]
[Round "3"]
[White "Joshi,GB"]
[Black "Laxman,R"]
[Result "1/2-1/2"]
[WhiteElo "2293"]
[BlackElo "2476"]
[EventDate "2010.06.02"]

1. e4 e5 2. Nf3 Nc6 3. Bc4 Nf6 4. d3 Bc5 5. O-O a6 6. Nbd2 d6 7. c3 Ba7 8.
Bb3 O-O 9. h3 h6 10. Re1 Nh5 11. Nf1 Qf6 12. Be3 Nf4 13. Ng3 g5 14. d4 Kh8
15. dxe5 dxe5 16. Nh2 Be6 1/2-1/2

[Event "3rd Mayor's Cup"]
[Site "Mumbai IND"]
[Date "2010.06.03"]
[Round "3"]
[White "Roy Chowdhury,S"]
[Black "Akshat,Kh"]
[Result "1-0"]
[WhiteElo "2473"]
[BlackElo "2292"]
[EventDate "2010.06.02"]

1. Nf3 c5 2. e4 d6 3. Nc3 Nf6 4. g3 g6 5. Bg2 Bg7 6. O-O Nc6 7. d3 O-O 8.
h3 Rb8 9. Be3 Nd7 10. Qd2 Re8 11. Bh6 Bh8 12. Ng5 e6 13. f4 Qb6 14. Rab1
Nd4 15. f5 Ne5 16. f6 Nd7 17. Rf2 Nxf6 18. Rbf1 Qd8 19. g4 b5 20. Nd1 Rb7
21. e5 dxe5 22. Bxb7 Bxb7 23. c3 Nc6 24. Nxf7 Kxf7 25. Bg5 Kg8 26. Bxf6
Bxf6 27. Rxf6 Ne7 28. Qg5 Qd5 29. Ne3 Qh1+ 30. Kf2 Qh2+ 31. Ke1 Qg3+ 32.
Ke2 Bd5 33. Qh6 Nf5 34. gxf5 exf5 35. Nxd5 Qg2+ 36. Ke1 Qxd5 37. R6xf5 1-0

[Event "3rd Mayor's Cup"]
[Site "Mumbai IND"]
[Date "2010.06.03"]
[Round "3"]
[White "Joshi,P"]
[Black "Harutjunyan,G"]
[Result "0-1"]
[WhiteElo "2291"]
[BlackElo "2460"]
[EventDate "2010.06.02"]

1. d4 Nf6 2. Nf3 g6 3. c4 Bg7 4. Nc3 d6 5. e4 O-O 6. Be2 Na6 7. Qc2 Bg4 8.
Be3 c5 9. d5 e6 10. O-O exd5 11. cxd5 Nc7 12. h3 Bd7 13. a4 Re8 14. Rfe1 a6
15. Bf4 Qe7 16. Bf1 Qf8 17. Rad1 b5 18. e5 Bf5 19. Qd2 dxe5 20. Rxe5 b4 21.
Rxe8 Rxe8 22. Bxc7 bxc3 23. bxc3 Ne4 24. Qc1 Nxc3 25. d6 Nxd1 26. Qxd1 Bd7
27. Bxa6 Ra8 28. Qd3 Bxa4 29. Bc4 Qe8 30. Kh2 Be5+ 31. g3 Bf6 32. h4 Bc6
33. Bd5 Ra4 34. Ng5 Bxg5 35. hxg5 Rd4 36. Bxc6 Qxc6 37. Qe2 Rxd6 38. Bxd6
Qxd6 39. f4 Qd4 40. Kg2 c4 41. Kf3 c3 42. Qc2 Kg7 43. Ke2 h6 44. Qd3 Qc5
45. Kd1 hxg5 46. fxg5 Qb4 47. Kc2 Qb2+ 48. Kd1 Kh7 49. Qc2 Qa1+ 50. Ke2
Qa6+ 51. Qd3 Qe6+ 52. Kd1 Qb3+ 53. Kc1 Qa3+ 54. Kd1 Qc5 55. Kc2 Qxg5 56.
Qxc3 Qf5+ 57. Kd2 Qf2+ 58. Kd1 f5 59. Qe5 Qf1+ 60. Kd2 Qc4 61. Ke3 Qc1+ 62.
Kf2 Qd2+ 63. Kf3 Qd7 64. Kf4 Qd8 65. Kf3 Kh6 66. Qf4+ Qg5 67. Qb8 Qg4+ 68.
Kg2 Qe4+ 69. Kf2 Qd4+ 70. Kf3 Kg5 71. Qc7 Qe4+ 72. Kf2 Kg4 73. Qc3 g5 74.
Qb3 Kh3 75. Qb8 Qg2+ 0-1

[Event "3rd Mayor's Cup"]
[Site "Mumbai IND"]
[Date "2010.06.03"]
[Round "3"]
[White "Shashikant,K"]
[Black "Temirbayev,S"]
[Result "0-1"]
[WhiteElo "2290"]
[BlackElo "2455"]
[EventDate "2010.06.02"]

1. e4 e6 2. d4 d5 3. Nc3 Bb4 4. e5 c5 5. a3 Bxc3+ 6. bxc3 Qc7 7. Qg4 f5 8.
Qg3 cxd4 9. cxd4 Ne7 10. Bd2 O-O 11. Bd3 b6 12. Ne2 Ba6 13. Nf4 Qd7 14. h4
Bxd3 15. cxd3 Nbc6 16. Be3 Rac8 17. O-O Ng6 18. Nxg6 hxg6 19. Qxg6 f4 20.
Bd2 Nxd4 21. Bb4 Rf5 22. Bd6 Qf7 23. Qg4 Qh5 24. f3 Qf7 25. Kh2 Ne2 26.
Rfe1 Rc2 27. Rxe2 Rxe2 28. Rc1 Kh7 29. Rc7 Qg6 30. Qxg6+ Kxg6 31. Rxa7 Rh5
32. Kh3 Re1 33. Kg4 Rg1 34. Kxf4 Rxg2 35. d4 Rf5+ 36. Ke3 Rg3 37. Re7
Rfxf3+ 38. Ke2 Kf5 0-1

[Event "3rd Mayor's Cup"]
[Site "Mumbai IND"]
[Date "2010.06.03"]
[Round "3"]
[White "Shreyansh,D"]
[Black "Farago,I"]
[Result "0-1"]
[WhiteElo "2287"]
[BlackElo "2453"]
[EventDate "2010.06.02"]

1. e4 c5 2. Nf3 e6 3. c4 Nc6 4. Nc3 e5 5. Be2 g6 6. d3 Bg7 7. Nd5 d6 8. O-O
Nge7 9. Bg5 h6 10. Be3 O-O 11. Qd2 Kh7 12. Ne1 Nxd5 13. cxd5 Nd4 14. f4
exf4 15. Bxf4 g5 16. Bg3 f5 17. exf5 Bxf5 18. Bd1 Qd7 19. Nf3 Bg4 20. Rb1
Bxf3 21. Bxf3 Nxf3+ 22. Rxf3 Rxf3 23. gxf3 Qf5 24. Re1 Qxd5 25. Re7 Rf8 26.
Qe2 Rxf3 27. Bxd6 Qxd6 28. Rxg7+ Kxg7 29. Qxf3 Qd4+ 30. Kh1 Qxb2 31. Qd5
Qc1+ 32. Kg2 Qd2+ 33. Kf1 Qf4+ 34. Ke1 Qe3+ 35. Kf1 Qe7 36. Kg2 Qc7 37. Kg1
b5 38. Kg2 a6 39. Qe6 c4 40. dxc4 bxc4 41. Qd5 c3 42. Qd4+ Kf7 43. Qd5+ Kf6
44. Qf3+ Kg7 45. Qd5 c2 46. Qd4+ Kf7 47. Qd5+ Kf6 48. Qd4+ Ke6 49. Qe4+ Kd6
50. Qd3+ Ke7 51. Qh7+ Kd8 52. Qg8+ Kd7 53. Qd5+ Ke7 54. Qe4+ Kf6 55. Qd4+
Qe5 56. Qd8+ Kf5 57. Qc8+ Kf4 58. Qxc2 Qe4+ 59. Qxe4+ Kxe4 60. Kg3 h5 61.
a4 a5 62. Kg2 Kd4 63. Kf3 Kd3 64. h3 Kc4 0-1

[Event "3rd Mayor's Cup"]
[Site "Mumbai IND"]
[Date "2010.06.04"]
[Round "4"]
[White "Farago,I"]
[Black "Kokarev,Dm"]
[Result "0-1"]
[WhiteElo "2453"]
[BlackElo "2612"]
[EventDate "2010.06.02"]

1. d4 Nf6 2. c4 g6 3. Nc3 Bg7 4. e4 O-O 5. Be2 d6 6. Bg5 a6 7. Nf3 Bg4 8.
O-O Nfd7 9. h3 Bxf3 10. Bxf3 Nc6 11. Ne2 Na5 12. Rc1 c5 13. b3 Nc6 14. Be3
Qa5 15. dxc5 Nxc5 16. Qd2 Qxd2 17. Bxd2 Ne5 18. Bc3 b5 19. Bxe5 Bxe5 20.
Rfd1 b4 21. g3 a5 22. Bg2 a4 23. bxa4 Rxa4 24. Rc2 Rfa8 25. Rdd2 R8a5 26.
f4 Bf6 27. Nc1 Ra3 28. Kh2 Bc3 29. Re2 e6 30. Re3 Kf8 31. Ne2 Rxa2 32. Rxa2
Rxa2 33. Nxc3 bxc3 34. Rxc3 Nxe4 35. Rb3 Rc2 36. Re3 Nc5 0-1

[Event "3rd Mayor's Cup"]
[Site "Mumbai IND"]
[Date "2010.06.04"]
[Round "4"]
[White "Venkatesh,M"]
[Black "Aleksandrov,A"]
[Result "0-1"]
[WhiteElo "2452"]
[BlackElo "2604"]
[EventDate "2010.06.02"]

1. e4 e5 2. Nf3 Nc6 3. Nc3 Nf6 4. g3 Bc5 5. Bg2 d6 6. d3 Nd4 7. h3 c6 8.
O-O O-O 9. Na4 Nxf3+ 10. Qxf3 Bb4 11. c3 Ba5 12. b4 Bc7 13. Nb2 a5 14. bxa5
Be6 15. a4 d5 16. Nd1 Rxa5 17. Ba3 Re8 18. Bb4 Ra6 19. Ne3 Qa8 20. Nf5 Rxa4
21. Rxa4 Qxa4 22. Nh6+ Kh8 23. g4 Qb3 24. g5 dxe4 25. dxe4 Nd7 26. Rd1 Nf8
27. Kh2 Bd8 28. h4 Ng6 29. Kg3 Nf4 30. Nf5 b6 31. Bd6 f6 32. Kh2 Bf7 33.
Ra1 fxg5 34. hxg5 Bxg5 35. Ra7 h6 36. Bf1 Qe6 37. Qg3 Nh5 38. Qf3 Nf4 39.
Qg3 Qg6 40. Qg4 Nh5 41. Be2 Nf6 42. Qf3 Bf4+ 43. Kh1 Nxe4 44. Rxf7 Ra8 45.
Rf8+ Rxf8 46. Bxf8 Qf6 47. Be7 Nd2 0-1

[Event "3rd Mayor's Cup"]
[Site "Mumbai IND"]
[Date "2010.06.04"]
[Round "4"]
[White "Bocharov,D"]
[Black "Prathamesh,S"]
[Result "1-0"]
[WhiteElo "2592"]
[BlackElo "2411"]
[EventDate "2010.06.02"]

1. d4 Nf6 2. c4 e6 3. Nc3 c5 4. d5 exd5 5. cxd5 d6 6. Nf3 g6 7. Bf4 Bg7 8.
e3 O-O 9. Be2 Bg4 10. O-O Qe7 11. h3 Bxf3 12. Bxf3 Nbd7 13. Qc2 Rfc8 14.
Be2 Ne8 15. Bh2 Nc7 16. a4 Be5 17. Bxe5 Qxe5 18. Rae1 Nf6 19. Bc4 Nd7 20.
f4 Qe7 21. e4 f6 22. Bb5 Nxb5 23. axb5 a6 24. Kh1 Rf8 25. Re3 Kh8 26. Qe2
a5 27. b3 Nb6 28. Re1 c4 29. Na4 Nxa4 30. bxa4 Rac8 31. Rc3 g5 32. fxg5
fxg5 33. Rxc4 Rxc4 34. Qxc4 Qe5 35. Rf1 Rf4 36. Rxf4 gxf4 37. Qc8+ Kg7 38.
Qxb7+ Kg6 39. Qd7 1-0

[Event "3rd Mayor's Cup"]
[Site "Mumbai IND"]
[Date "2010.06.04"]
[Round "4"]
[White "Maletin,P"]
[Black "Prasanna,Ra"]
[Result "1-0"]
[WhiteElo "2584"]
[BlackElo "2309"]
[EventDate "2010.06.02"]

1. Nf3 Nf6 2. c4 e6 3. g3 d5 4. d4 Bb4+ 5. Bd2 Be7 6. Bg2 c6 7. O-O O-O 8.
Bf4 Nbd7 9. Qc2 b6 10. Rd1 Bb7 11. Nc3 Nh5 12. Bc1 f5 13. b3 Rc8 14. e3 Bd6
15. Bb2 Nhf6 16. Ne2 Qe7 17. Nf4 Ne4 18. Ne5 Ndf6 19. Rac1 Rfd8 20. Nfd3 c5
21. dxc5 Nxc5 22. Nxc5 Bxc5 23. Qe2 dxc4 24. Bxb7 Qxb7 25. Rxd8+ Rxd8 26.
Qxc4 Qd5 27. b4 Qxc4 28. Rxc4 Bf8 29. Bd4 Nd5 30. b5 Bd6 31. Nc6 Rc8 32. a4
Rc7 33. a5 e5 34. axb6 Nxb6 35. Bxb6 axb6 36. e4 g6 37. Kg2 Rd7 38. Kf3 Kf7
39. Ra4 Kf6 40. Ke2 Bc5 41. f3 Bg1 42. h3 Bh2 43. Ra6 Bg1 44. Ra8 Bh2 45.
Rb8 Bxg3 46. Rxb6 Kg5 47. Ra6 Bf4 48. Ra2 fxe4 49. fxe4 Bh2 50. Rb2 Rf7 51.
Kd3 Rb7 52. Rxh2 Rxb5 53. Kc4 Rb6 54. Nxe5 Kf4 55. Nd7 Rb1 56. e5 Kf5 57.
Re2 Rc1+ 1-0

[Event "3rd Mayor's Cup"]
[Site "Mumbai IND"]
[Date "2010.06.04"]
[Round "4"]
[White "Swayams,M"]
[Black "Fier,A"]
[Result "1-0"]
[WhiteElo "2397"]
[BlackElo "2581"]
[EventDate "2010.06.02"]

1. d4 Nf6 2. c4 c5 3. d5 e6 4. Nc3 exd5 5. cxd5 d6 6. e4 g6 7. Nf3 a6 8. a4
Bg4 9. Be2 Bxf3 10. Bxf3 Bg7 11. O-O O-O 12. Bf4 Qe7 13. Qc2 Nbd7 14. h3 h5
15. Rfe1 Nh7 16. g3 h4 17. g4 Qf6 18. Ne2 g5 19. e5 Nxe5 20. Be4 gxf4 21.
Bxh7+ Kh8 22. Be4 Qg5 23. Kh1 b5 24. Nc3 b4 25. Ne2 Rae8 26. Rad1 Re7 27.
Ng1 Rfe8 28. Bf5 c4 29. Re4 b3 30. Qd2 Ng6 31. Rxc4 Qf6 32. Rb4 Re5 33.
Bxg6 Qxg6 34. Rxb3 Re4 35. Qd3 f5 36. gxf5 Qg5 37. Rb8 Rxb8 38. Qxe4 Qh5
39. Re1 Rxb2 40. Qxf4 Rb3 41. Re4 Be5 42. Qxh4 Qxh4 43. Rxh4+ Kg7 44. Kg2
Rd3 45. Nf3 Rxd5 46. Nxe5 Rxe5 47. Rf4 Kf6 48. Kf3 Re1 49. Re4 Rd1 50. Kf4
a5 51. f3 Kf7 52. Re6 Rd4+ 53. Kg5 Rxa4 54. Rxd6 Ra3 55. Rd7+ Ke8 56. Ra7
Rxf3 57. h4 Kf8 58. Kg6 Rg3+ 59. Kf6 Kg8 60. h5 Rh3 61. Rxa5 Kh7 62. Ra7+
Kh6 63. Ra8 Kh7 64. Ke7 Re3+ 65. Kf7 Kh6 66. f6 Kxh5 67. Kg7 1-0

[Event "3rd Mayor's Cup"]
[Site "Mumbai IND"]
[Date "2010.06.04"]
[Round "4"]
[White "Praveen Kumar,C1"]
[Black "Hera,I"]
[Result "1/2-1/2"]
[WhiteElo "2391"]
[BlackElo "2558"]
[EventDate "2010.06.02"]

1. d4 Nf6 2. c4 e6 3. Nc3 Bb4 4. e3 O-O 5. Nge2 d5 6. a3 Be7 7. cxd5 exd5
8. g3 a5 9. Bg2 c6 10. O-O Na6 11. f3 c5 12. g4 Nc7 13. Ng3 h6 14. b3 b6
15. Ra2 Re8 16. Re1 Bd6 17. dxc5 bxc5 18. Rd2 Qe7 19. Bb2 Rb8 20. Kh1 Bxg3
21. hxg3 d4 22. Na4 Nfd5 23. Qc1 Na6 24. Bf1 Rxb3 25. Bxa6 Bxa6 26. Nxc5
Rxe3 27. Ne4 Rxe1+ 28. Qxe1 d3 29. Qf2 f6 30. Kh2 Qc7 31. Qd4 Qc4 32. Qa7
Re7 33. Qa8+ Kh7 34. Nd6 Re2+ 35. Rxe2 dxe2 36. Nxc4 e1=Q 37. Qxd5 Qf2+ 38.
Kh3 Qf1+ 39. Kh2 Qf2+ 40. Kh3 Qf1+ 41. Kh2 Bxc4 42. Qe4+ Kh8 43. Bd4 Qd1
44. Qe3 Bd5 45. Kg2 Bxf3+ 46. Qxf3 Qxd4 47. Qa8+ Kh7 48. Qxa5 Qxg4 49. Qb4
Qe2+ 50. Kh3 Qe6+ 51. Kh2 f5 52. a4 Qe2+ 53. Kg1 g5 54. a5 Kg6 55. Qa3 Qe1+
56. Kg2 Qe2+ 57. Kg1 1/2-1/2